000 00653nam a2200289Ia 4500
005 20260324130819.0
008 008 260324s9999 xx 000 0 eng d
020 _a9780203937365
037 _aEBOOK
040 _aCRL
040 _beng
040 _cCRL
041 _2eng
041 _aeng
084 _qCRL
100 _aWilliam Pawlett
_91145888
245 0 _aJean Baudrillard
245 0 _bAgainst Banality
260 _bTaylor and Francis
260 _c2007
365 _a
365 _b290
856 _uhttp://www.taylorfrancis.com/books/9780203937365
942 _cEBOOK
999 _c1779714
_d1779714